[Event "Wch Rapid"]
[Site "Dubai"]
[Date "2014.06.16"]
[Round "3"]
[White "Vachier Lagrave, Maxime"]
[Black "Meier, Georg"]
[Result "1-0"]
[WhiteElo "2762"]
[BlackElo "2632"]
[PlyCount "110"]
[EventDate "2014.06.16"]
[EventType "swiss (rapid)"]
[EventRounds "15"]
[EventCountry "UAE"]
[SourceTitle "CBM 160 Extra"]
[Source "ChessBase"]
[SourceDate "2014.07.01"]
[SourceVersion "1"]
[SourceVersionDate "2014.07.01"]
[SourceQuality "1"]

1. Nf3 d5 2. c4 d4 3. g3 Nc6 4. Bg2 e5 5. d3 Nf6 6. O-O Bd6 7. a3 a5 8. Bg5 ({RR} 8. Qc2 h6 9. c5 Be7 10. Nbd2 Qd5 11. Nh4 Qxc5 12. Qxc5 Bxc5 13. Bxc6+ bxc6 14. Nc4 e4 15. Bd2 g5 16. Ng2 O-O 17. Bxa5 exd3 18. exd3 Nd5 19. Rac1 Re8 20. Rfe1 Bf5 21. b4 Ba7 22. Ne5 Nc3 {Ankit Ray (2320)-Kuru,A (2397) chess.com INT 2024 0-1 (33)}) 8... O-O 9. Nbd2 Be7 10. Ne1 $146 ({RR} 10. b4 axb4 11. axb4 Rxa1 12. Qxa1 Bxb4 13. Ne4 Be7 14. Nxf6+ Bxf6 15. Bxf6 Qxf6 16. Rb1 Qe7 17. Qb2 Nd8 18. Nd2 f6 19. Qa2 c6 20. Nb3 f5 21. Qa5 Qd6 22. Nc5 g6 23. Qb6 Kg7 24. Ra1 Rf7 {Riis,J (2172)-Meier,G (2632) Helsingor 2014 0-1 (45)}) 10... Nd7 11. Bxe7 Qxe7 12. Nc2 Nc5 13. b4 Na4 14. b5 Nd8 15. Nb3 Nc5 16. Nxc5 Qxc5 17. e3 Ne6 18. Qf3 Qd6 19. exd4 exd4 20. Rfe1 Rb8 21. Qd5 Rd8 22. Qxd6 Rxd6 23. Re5 Kf8 24. Rae1 g6 25. f4 b6 26. Bd5 Bd7 27. f5 Nc5 28. Re7 Rf6 29. Nxd4 Nxd3 30. R1e3 Nc5 31. g4 Re8 32. Rxe8+ Bxe8 33. g5 Rd6 34. f6 Na4 35. Nc6 Nc5 36. Nd4 Na4 37. h4 Nc5 38. h5 gxh5 39. Nf5 Rd8 40. Ng7 Bd7 41. Re7 Be6 42. Bxe6 Nxe6 43. Nxe6+ fxe6 44. Rxh7 Rd4 45. Kf2 Rxc4 46. Rxh5 e5 47. Rh8+ Kf7 48. Rh7+ Ke6 49. Kg3 Rf4 50. Rxc7 Kf5 51. Re7 Rg4+ 52. Kh3 Rf4 53. Kg3 Rg4+ 54. Kf3 e4+ 55. Ke2 Kxg5 1-0

[Event "Wch Rapid"]
[Site "Dubai"]
[Date "2014.06.16"]
[Round "4"]
[White "Iturrizaga Bonelli, Eduardo"]
[Black "Wang, Hao"]
[Result "1-0"]
[WhiteElo "2653"]
[BlackElo "2729"]
[PlyCount "101"]
[EventDate "2014.06.16"]
[EventType "swiss (rapid)"]
[EventRounds "15"]
[EventCountry "UAE"]
[SourceTitle "CBM 160 Extra"]
[Source "ChessBase"]
[SourceDate "2014.07.01"]
[SourceVersion "1"]
[SourceVersionDate "2014.07.01"]
[SourceQuality "1"]

1. Nf3 d5 2. c4 d4 3. b4 f6 4. d3 e5 5. a3 Ne7 ({RR} 5... a5 6. b5 Ne7 7. e3 dxe3 8. fxe3 Nf5 9. g4 Nd6 10. Rg1 Be6 11. Qc2 Nd7 12. d4 e4 13. Nh4 f5 14. Ng2 fxg4 15. c5 Nf7 16. Nd2 Be7 17. Nxe4 a4 18. Bb2 Bb3 19. Qe2 h5 20. Nd2 {Ding,L (2777)-Giri,A (2772) Wenzhou 2017 ½-½ (33)}) ({RR} 5... c5 6. bxc5 Bxc5 7. g3 b6 8. Bg2 Bb7 9. O-O Ne7 10. a4 O-O 11. Ba3 Nd7 12. Nbd2 Qc7 13. Nh4 Bxg2 14. Nxg2 a5 15. Qb3 f5 16. Rab1 Rab8 17. f4 Nc6 18. fxe5 Ndxe5 19. Nf4 Ng4 20. Nd5 {Giri,A (2728)-Kazakouski,V (2538) chess.com INT 2025 0-1 (38)}) ({RR} 5... c5 6. bxc5 Bxc5 7. g3 Ne7 8. Bg2 O-O 9. O-O Nec6 10. Nbd2 Be7 11. Ne1 Na6 12. Nc2 Be6 13. Rb1 Rb8 14. f4 Qd7 15. Ne4 h6 16. Bd2 f5 17. Nf2 e4 18. dxe4 fxe4 19. Bxe4 Bxc4 20. Nb4 {Iturrizaga Bonelli,E (2624)-Ly,M (2474) Caleta 2016 ½-½ (33)}) 6. g3 a5 $146 ({RR} 6... Ng6 7. Bg2 Be7 8. O-O Be6 9. Bb2 O-O 10. Nbd2 Qd7 11. Nb3 Bh3 12. e3 dxe3 13. fxe3 Bxg2 14. Kxg2 c6 15. Qc2 Na6 16. h3 b5 17. d4 exd4 18. exd4 Rfe8 19. Rad1 Rad8 20. Nc5 Nxc5 21. dxc5 {Persanyi,B (2059)-Redzisz,M (1834) Kouty nad Desnou 2016 1-0 (33)}) 7. Bb2 Ng6 8. b5 Nd7 9. Bg2 a4 10. O-O Nc5 11. Nbd2 Be7 12. Ne1 f5 13. Nc2 O-O 14. Nb4 Be6 15. Qc2 Qd7 16. Rad1 Rad8 17. Nd5 Kh8 18. Rfe1 f4 19. Ne4 Nb3 20. Nd2 Nc5 21. Ne4 Nb3 22. Nd2 Nxd2 23. Nxe7 Nxe7 24. Rxd2 Bh3 25. Be4 Rf6 26. Qxa4 Rdf8 27. f3 fxg3 28. hxg3 Rh6 29. Kf2 Qg4 30. Bc1 Qe6 31. Rg1 g5 32. Rdd1 Qf6 33. Bxb7 Nf5 34. Be4 Nd6 35. Bc6 Bg4 36. Rh1 Rxh1 37. Rxh1 e4 38. dxe4 Bxf3 39. e5 Qxe5 40. exf3 Nf5 41. Rg1 Ne3 42. Bxe3 Qxe3+ 43. Kg2 Qe2+ 44. Kh3 Rf6 45. Qa8+ Kg7 46. Qe8 Rh6+ 47. Kg4 Re6 48. Qd7+ Kg6 49. Rh1 h6 50. Bd5 Rf6 51. Be4+ 1-0

[Event "Wch Rapid"]
[Site "Dubai"]
[Date "2014.06.16"]
[Round "4"]
[White "Meier, Georg"]
[Black "Aleksandrov, Aleksej"]
[Result "1-0"]
[WhiteElo "2632"]
[BlackElo "2554"]
[PlyCount "135"]
[EventDate "2014.06.16"]
[EventType "swiss (rapid)"]
[EventRounds "15"]
[EventCountry "UAE"]
[SourceTitle "CBM 160 Extra"]
[Source "ChessBase"]
[SourceDate "2014.07.01"]
[SourceVersion "1"]
[SourceVersionDate "2014.07.01"]
[SourceQuality "1"]

1. Nf3 Nf6 2. g3 b5 3. Bg2 Bb7 4. O-O e6 5. d3 d5 6. c4 a6 7. cxd5 exd5 8. d4 Bd6 9. Nbd2 Nbd7 10. Nb3 a5 11. Bd2 c6 12. Bf4 $146 ({RR} 12. Nc1 c5 13. dxc5 Nxc5 14. Nd4 b4 15. a3 bxa3 16. Rxa3 O-O 17. Nf5 Be5 18. b4 Nce4 19. bxa5 Nxd2 20. Qxd2 g6 21. Nd4 Ne4 22. Qb2 Qe7 23. Ra4 Rfb8 24. Nd3 Bf6 25. Qc1 Rc8 26. Qe3 Qd7 {Le,Q (2739)-Saydaliev,S (2473) chess.com INT 2024 1-0 (49)}) ({RR} 12. Rc1 O-O 13. Nc5 Nxc5 14. dxc5 Be7 15. Be3 Re8 16. Bd4 Nd7 17. Qd2 Nf8 18. Be3 Ne6 19. Nd4 Nxd4 20. Bxd4 Bg5 21. e3 Bc8 22. a3 a4 23. Qc3 Bh6 24. h3 f5 25. f4 Qa5 26. Qb4 g6 {Vyskocil,N (2368)-Michalik,P (2508) Austria 2013 0-1 (56)}) 12... Bxf4 13. gxf4 a4 14. Nc1 O-O 15. Nd3 Ne4 16. Rc1 Rc8 17. e3 Rc7 18. Re1 Nb6 19. Re2 f6 20. Rec2 Qe7 21. Qe1 Ra8 22. Qb4 Qd8 23. b3 Nd6 24. Nd2 Kh8 25. Nf1 Ndc8 26. Nc5 Qd6 27. Ng3 Ne7 28. Bh3 axb3 29. axb3 Bc8 30. Bxc8 Rcxc8 31. Qe1 Ra3 32. Qb4 Rca8 33. h3 Nd7 34. Na6 Qxb4 35. Nxb4 Nb8 36. Rc3 Kg8 37. h4 Ra1 38. h5 Kf7 39. f5 Rxc1+ 40. Rxc1 Ra3 41. Rb1 Na6 42. Nd3 Nc7 43. Kg2 Ne8 44. Kf3 Nd6 45. Kg4 Ra2 46. f3 Rg2 47. Nf4 Rc2 48. e4 dxe4 49. fxe4 Rd2 50. e5 fxe5 51. dxe5 Nb7 52. e6+ Kf8 53. Ra1 Rd8 54. h6 Nc5 55. Ra7 gxh6 56. f6 Re8 57. fxe7+ Rxe7 58. Rxe7 Kxe7 59. Nf5+ Kf6 60. Nd4 b4 61. Nh5+ Ke7 62. Kf5 Kd6 63. Nf4 Na6 64. Kf6 Nc7 65. Nf5+ Kc5 66. Ke5 Kb6 67. e7 Ne8 68. Ne6 1-0

[Event "Wch Rapid"]
[Site "Dubai"]
[Date "2014.06.17"]
[Round "7"]
[White "Amin, Bassem"]
[Black "Moiseenko, Alexander"]
[Result "1-0"]
[WhiteElo "2635"]
[BlackElo "2707"]
[PlyCount "79"]
[EventDate "2014.06.16"]
[EventType "swiss (rapid)"]
[EventRounds "15"]
[EventCountry "UAE"]
[SourceTitle "CBM 160 Extra"]
[Source "ChessBase"]
[SourceDate "2014.07.01"]
[SourceVersion "1"]
[SourceVersionDate "2014.07.01"]
[SourceQuality "1"]

1. e4 c5 2. Nf3 Nc6 3. d3 g6 4. g3 Bg7 5. Bg2 e5 6. O-O Nge7 7. c3 O-O 8. a3 a5 9. a4 d5 10. Na3 h6 11. exd5 Nxd5 12. Qb3 Nde7 13. Be3 Be6 14. Nc4 $146 ({RR} 14. Qc2 b6 15. Rad1 Ra7 16. Rfe1 Rd7 17. h3 Qb8 18. Bc1 Rfd8 19. Nc4 Bf5 20. Bf1 g5 21. Ne3 Be6 22. h4 g4 23. Nd2 f5 24. Ndc4 Rf8 25. Qb3 Rb7 26. Bg2 Kh8 27. Qb5 Qc7 28. Nc2 Rbb8 {Movsesian,S (2659)-Salem,A (2586) Doha 2014 0-1 (38)}) 14... Qxd3 15. Nfd2 Bd5 16. Bxd5 Qxd5 17. Nb6 Qxb3 18. Nxb3 Rad8 19. Rfd1 Rxd1+ 20. Rxd1 Rd8 21. Rxd8+ Nxd8 22. Nxa5 Nec6 23. Nxc6 Nxc6 24. Bxc5 Bf8 25. Nd7 Be7 26. Bxe7 Nxe7 27. Nxe5 Kf8 28. Kf1 Nd5 29. Ke2 Ke7 30. Kd3 Ke6 31. Nf3 f5 32. a5 Nf6 33. Nd4+ Kd5 34. f3 Nd7 35. c4+ Kd6 36. b4 Ne5+ 37. Kc3 Kc7 38. c5 h5 39. h4 Nf7 40. f4 1-0

[Event "Wch Rapid"]
[Site "Dubai"]
[Date "2014.06.17"]
[Round "7"]
[White "Iturrizaga Bonelli, Eduardo"]
[Black "Vallejo Pons, Francisco"]
[Result "1-0"]
[WhiteElo "2653"]
[BlackElo "2698"]
[PlyCount "127"]
[EventDate "2014.06.16"]
[EventType "swiss (rapid)"]
[EventRounds "15"]
[EventCountry "UAE"]
[SourceTitle "CBM 160 Extra"]
[Source "ChessBase"]
[SourceDate "2014.07.01"]
[SourceVersion "1"]
[SourceVersionDate "2014.07.01"]
[SourceQuality "1"]

1. Nf3 d5 2. c4 d4 3. b4 f6 4. d3 e5 5. a3 c5 ({RR} 5... a5 6. b5 Ne7 7. e3 dxe3 8. fxe3 Nf5 9. g4 Nd6 10. Rg1 Be6 11. Qc2 Nd7 12. d4 e4 13. Nh4 f5 14. Ng2 fxg4 15. c5 Nf7 16. Nd2 Be7 17. Nxe4 a4 18. Bb2 Bb3 19. Qe2 h5 20. Nd2 {Ding,L (2777)-Giri,A (2772) Wenzhou 2017 ½-½ (33)}) 6. bxc5 Na6 $146 ({RR} 6... Bxc5 7. g3 Nc6 8. Nbd2 f5 9. Bg2 Nf6 10. O-O O-O 11. Qc2 Qe7 12. Nb3 Bd6 13. a4 Bd7 14. a5 Rad8 15. c5 Bb8 16. a6 bxa6 17. Rxa6 Kh8 18. Bd2 Rc8 19. Rc1 Ng4 20. Be1 Qf7 21. Na5 {Ilivitzki,G-Ravinsky,G Sverdlovsk 1951 1-0 (41)}) ({RR} 6... Bxc5 7. g3 b6 8. Bg2 Bb7 9. O-O Ne7 10. a4 O-O 11. Ba3 Nd7 12. Nbd2 Qc7 13. Nh4 Bxg2 14. Nxg2 a5 15. Qb3 f5 16. Rab1 Rab8 17. f4 Nc6 18. fxe5 Ndxe5 19. Nf4 Ng4 20. Nd5 Qd6 21. Bb2 {Giri,A (2728)-Kazakouski,V (2538) chess.com INT 2025 0-1 (38)}) ({RR} 6... Bxc5 7. g3 Ne7 8. Bg2 O-O 9. O-O Nec6 10. Nbd2 Be7 11. Ne1 Na6 12. Nc2 Be6 13. Rb1 Rb8 14. f4 Qd7 15. Ne4 h6 16. Bd2 f5 17. Nf2 e4 18. dxe4 fxe4 19. Bxe4 Bxc4 20. Nb4 Nc5 21. Bf3 {Iturrizaga Bonelli,E (2624)-Ly,M (2474) Caleta 2016 ½-½ (33)}) ({RR} 6... Bg4 7. Nbd2 Bxc5 8. g3 Qe7 9. Bg2 Nc6 10. O-O f5 11. Nb3 Bd6 12. Qc2 O-O-O 13. c5 Bc7 14. e3 Bxf3 15. Bxf3 e4 16. Bg2 dxe3 17. dxe4 Nf6 18. Bxe3 fxe4 19. Bg5 h6 20. Bxf6 gxf6 21. Qxe4 {Huysman,A-Comp Saitek Netherlands 1992 ½-½}) 7. g3 Nxc5 8. Bg2 Ne7 9. O-O Nc6 10. Nbd2 a5 11. Nb3 Na6 12. Rb1 Be7 13. Ne1 O-O 14. Nc2 Bg4 15. h3 Bh5 16. f4 Qc7 17. g4 Bg6 18. f5 Bf7 19. Nd2 Nc5 20. Ne4 a4 21. Nxc5 Bxc5 22. Bd2 Ra7 23. Nb4 Ne7 24. Qe1 Nc8 25. Nd5 Bxd5 26. Bxd5+ Kh8 27. Bb4 b6 28. Bxc5 bxc5 29. Qd2 Nd6 30. Qb2 Ra6 31. Kg2 Qe7 32. e4 dxe3 33. Qe2 Qc7 34. Qxe3 Rb6 35. Rxb6 Qxb6 36. Rf2 Rc8 37. g5 Ne8 38. gxf6 Qxf6 39. Be6 Rc7 40. Re2 g6 41. Qxe5 Qxe5 42. Rxe5 Kg7 43. fxg6 hxg6 44. Bg4 Nf6 45. Bd1 Rd7 46. Bc2 Rb7 47. Bxa4 Rb2+ 48. Kf3 Ra2 49. Bb5 Rxa3 50. Ke3 Ra1 51. Rxc5 Rh1 52. Rc7+ Kh6 53. Bc6 Rxh3+ 54. Kd4 g5 55. Be4 g4 56. Rf7 Kg5 57. Ke5 Rh6 58. Rg7+ Kh4 59. Bf5 g3 60. d4 Nh5 61. Rg4+ Kh3 62. Rg6+ Kh2 63. Rxh6 g2 64. Rxh5+ 1-0

[Event "Wch Rapid"]
[Site "Dubai"]
[Date "2014.06.18"]
[Round "11"]
[White "Amin, Bassem"]
[Black "Maletin, Pavel"]
[Result "1-0"]
[WhiteElo "2635"]
[BlackElo "2588"]
[PlyCount "83"]
[EventDate "2014.06.16"]
[EventType "swiss (rapid)"]
[EventRounds "15"]
[EventCountry "UAE"]
[SourceTitle "CBM 160 Extra"]
[Source "ChessBase"]
[SourceDate "2014.07.01"]
[SourceVersion "1"]
[SourceVersionDate "2014.07.01"]
[SourceQuality "1"]

1. Nf3 d5 2. g3 c6 3. Bg2 Bg4 4. O-O Nd7 5. d3 Ngf6 6. Nbd2 e5 7. e4 dxe4 8. dxe4 Be7 9. h3 Bh5 10. Qe1 O-O 11. a4 Qc7 12. Nh4 Rfe8 13. Nc4 Nc5 ({RR} 13... a5 14. Bd2 b6 15. Kh1 Nc5 16. g4 Nfd7 17. f4 b5 18. axb5 cxb5 19. Ne3 Qd8 20. Nhf5 exf4 21. Nd5 Bg6 22. Bxa5 Rxa5 23. Ndxe7+ Rxe7 24. Qxa5 Re8 25. Qxd8 Rxd8 26. Rad1 f6 27. Rxf4 Rb8 28. Rf2 {Giri,A (2798)-Motylev,A (2649) Baku 2015 1-0 (34)}) 14. Nf5 Bf8 15. Kh1 $146 ({RR} 15. Bd2 Rad8 16. Bc3 Nfd7 17. Qe3 f6 18. b3 Ne6 19. Bf3 Bf7 20. Rfd1 Nb6 21. Nxb6 axb6 22. Rxd8 Rxd8 23. Rd1 Rxd1+ 24. Bxd1 Qd8 25. Qd2 Qxd2 {½-½ (25) Stany,G (2432)-Tan,J (2249) Parramatta 2013}) ({RR} 15. b4 Ne6 16. Bb2 Nd7 17. f4 exf4 18. gxf4 Bg6 19. Qg3 f6 20. Rad1 Bxb4 21. Ncd6 Bxd6 22. Nxd6 Qb6+ 23. Kh1 Qxb2 24. f5 Qe5 25. Qh4 Re7 26. fxg6 hxg6 27. Nxb7 Ndc5 28. Nd6 Rd7 29. Nc4 Qh5 {Le,Q (2739)-Piesik,P (2421) chess.com INT 2024 0-1 (40)}) ({RR} 15. f4 exf4 16. Bxf4 Qd7 17. Nfd6 Ncxe4 18. Nxe8 Rxe8 19. Kh2 Qd4 20. b3 b5 21. axb5 cxb5 22. Qe3 Bc5 23. b4 Qxe3 24. Nxe3 Bd4 25. Ra3 g5 26. Nf5 gxf4 27. Nxd4 fxg3+ 28. Kg1 Bg6 29. Re1 Rc8 {Friedel,J (2505)-Sevian,S (2446) Saint Louis 2014 0-1 (64)}) 15... b5 16. axb5 cxb5 17. Na3 a6 18. Bg5 Nfd7 19. Bd2 Ne6 20. Ba5 Qc6 21. Ne3 Nd4 22. Nd5 Rac8 23. g4 Bg6 24. Rc1 Nc5 25. Qe3 Nb7 26. Bb4 Bc5 27. Bxc5 Nxc5 28. b4 Nd7 29. f4 f6 30. f5 Bf7 31. c3 Nb3 32. Rb1 Nbc5 33. bxc5 Nxc5 34. Rfd1 Na4 35. Rdc1 Bxd5 36. exd5 Qd6 37. c4 b4 38. c5 Nxc5 39. Nc4 Qd8 40. Rxb4 e4 41. Nb6 Rb8 42. Qxc5 1-0

[Event "Wch Rapid"]
[Site "Dubai"]
[Date "2014.06.18"]
[Round "11"]
[White "Lenic, Luka"]
[Black "Aleksandrov, Aleksej"]
[Result "1-0"]
[WhiteElo "2659"]
[BlackElo "2554"]
[PlyCount "65"]
[EventDate "2014.06.16"]
[EventType "swiss (rapid)"]
[EventRounds "15"]
[EventCountry "UAE"]
[SourceTitle "CBM 160 Extra"]
[Source "ChessBase"]
[SourceDate "2014.07.01"]
[SourceVersion "1"]
[SourceVersionDate "2014.07.01"]
[SourceQuality "1"]

1. Nf3 Nf6 2. g3 b5 3. Bg2 Bb7 4. Na3 b4 5. Nc4 a5 6. O-O e6 7. d3 d5 8. Nce5 Bd6 9. c4 O-O 10. cxd5 exd5 11. d4 Ne4 12. Bf4 Re8 $146 ({RR} 12... Na6 13. Nd3 Be7 14. Rc1 c5 15. dxc5 Naxc5 16. Nd4 Nxd3 17. exd3 Nc5 18. Nf5 Ne6 19. Re1 Bf6 20. Be5 Bxe5 21. Rxe5 Qf6 22. d4 Rfd8 23. h4 Rd7 24. Qd2 Rad8 25. Bh3 Rc8 26. Rxc8+ Bxc8 27. Ne3 {Edouard,R (2628)-Horton,A (2280) England 2017 1-0 (40)}) 13. Nd3 Bxf4 14. Nxf4 Nd7 15. Nd3 Nb6 16. a3 bxa3 17. Rxa3 a4 18. Qc2 Ba6 19. Rc1 Nd6 20. e3 Bc8 21. Nc5 Bf5 22. Qd1 Nbc4 23. Ra2 c6 24. Nxa4 Qb8 25. b3 Na5 26. Nc5 Nb5 27. Ne5 f6 28. Ned3 Re7 29. Nb4 Qd6 30. Nxc6 Qxc6 31. b4 Rea7 32. Rxa5 Rxa5 33. bxa5 1-0

[Event "Wch Rapid"]
[Site "Dubai"]
[Date "2014.06.18"]
[Round "13"]
[White "Iturrizaga Bonelli, Eduardo"]
[Black "Salem, AR Saleh"]
[Result "1-0"]
[WhiteElo "2653"]
[BlackElo "2581"]
[PlyCount "71"]
[EventDate "2014.06.16"]
[EventType "swiss (rapid)"]
[EventRounds "15"]
[EventCountry "UAE"]
[SourceTitle "CBM 160 Extra"]
[Source "ChessBase"]
[SourceDate "2014.07.01"]
[SourceVersion "1"]
[SourceVersionDate "2014.07.01"]
[SourceQuality "1"]

1. Nf3 d5 2. c4 d4 3. b4 Bg4 4. Qb3 Bxf3 5. Qxf3 c6 6. Bb2 e5 7. a3 Nf6 8. e3 a5 9. exd4 exd4 10. c5 Be7 $146 ({RR} 10... axb4 11. axb4 Rxa1 12. Bxa1 Qd5 13. Qf4 Qe6+ 14. Kd1 Qb3+ 15. Kc1 Nbd7 16. Qxd4 b6 17. Bc4 Qa4 18. Re1+ Kd8 19. cxb6 Qxb4 20. Bxf7 Qxb6 21. Qxb6+ Nxb6 22. Re6 Kd7 23. Rxf6 gxf6 24. Bxf6 Ba3+ 25. Nxa3 {Gatineau,Y (2363)-Maurizzi,M (2419) Chartres 2019 1-0}) 11. Bc4 O-O 12. O-O b6 13. cxb6 Qxb6 14. Re1 Ra7 15. Qd3 Rd8 16. Qb3 Bf8 17. d3 Rb7 18. Nd2 axb4 19. Nf3 Qc7 20. a4 c5 21. Ne5 Rd7 22. Nxd7 Qxd7 23. a5 Ra7 24. a6 h6 25. Qa4 Qd6 26. h3 Nbd7 27. Qb5 g5 28. Re2 Kg7 29. Bc1 Nb6 30. Bd2 Kg6 31. f4 gxf4 32. Bxf4 Qxf4 33. Qxb6 Bd6 34. g3 Qf3 35. Rf2 Rxa6 36. Qxa6 1-0

[Event "Wch Blitz 8th"]
[Site "Dubai"]
[Date "2014.06.19"]
[Round "3"]
[White "Riazantsev, Alexander"]
[Black "Maletin, Pavel"]
[Result "1-0"]
[WhiteElo "2692"]
[BlackElo "2588"]
[PlyCount "112"]
[EventDate "2014.06.19"]
[EventType "swiss (blitz)"]
[EventRounds "21"]
[EventCountry "UAE"]
[SourceTitle "CBM 160 Extra"]
[Source "ChessBase"]
[SourceDate "2014.07.01"]
[SourceVersion "1"]
[SourceVersionDate "2014.07.01"]
[SourceQuality "1"]

1. Nf3 d5 2. g3 Nf6 3. Bg2 c6 4. O-O Bf5 5. d3 h6 6. Nbd2 e6 7. b3 Be7 8. Bb2 O-O 9. Re1 Bh7 10. e4 a5 11. a3 Na6 12. Ne5 Nd7 ({RR} 12... Nc5 13. Qe2 Ncd7 14. Nxd7 Qxd7 15. Rad1 Qc7 16. e5 Nd7 17. f4 a4 18. b4 c5 19. c3 cxb4 20. cxb4 Rac8 21. Nf3 Nb8 22. Rc1 Qb6+ 23. Bd4 Qb5 24. Bf1 Nc6 25. Bf2 Rc7 26. Qd1 Rfc8 27. d4 {Materia,M (2486)-Stribuk,A (2422) chess.com INT 2025 0-1 (52)}) 13. Nxd7 Qxd7 14. Qg4 Bg6 15. Nf3 $146 ({RR} 15. h4 h5 16. Qe2 a4 17. b4 Nc7 18. c4 dxe4 19. dxe4 c5 20. b5 Rad8 21. Nf3 Qd3 22. Qxd3 Rxd3 23. Ne5 Rb3 24. Nxg6 fxg6 25. Be5 Ne8 26. Bh3 Bf6 27. Bxe6+ Kh7 28. Bxf6 Nxf6 29. e5 Ng4 {Shimanov,A (2566)-Obrien,M (2146) chess.com INT 2023 1-0 (37)}) ({RR} 15. h4 h5 16. Qe2 a4 17. b4 Nc7 18. c4 dxe4 19. dxe4 c5 20. b5 Rad8 21. Nf3 Qd3 22. Qxd3 Rxd3 23. Ne5 Rb3 24. Nxg6 fxg6 25. Be5 Ne8 26. Bh3 Bf6 27. Bxe6+ Kh7 28. Bxf6 Nxf6 29. e5 Ng4 {Shimanov,A (2566)-Obrien,M (2146) chess.com INT 2023 1-0 (37)}) 15... Bf6 16. Bxf6 gxf6 17. Nh4 h5 18. Qf4 Kg7 19. Re2 a4 20. b4 Nc7 21. Bh3 Rad8 22. e5 f5 23. d4 Nb5 24. Re3 b6 25. Bf1 Na7 26. Ng2 Qe7 27. Qf3 c5 28. c3 cxd4 29. cxd4 Rc8 30. Nf4 h4 31. Be2 Rh8 32. Kg2 hxg3 33. fxg3 Rc2 34. h4 Rhc8 35. h5 Bh7 36. h6+ Kh8 37. Rh1 Nb5 38. Rd3 Nc3 39. Re1 Ne4 40. Kg1 Rg8 41. Nh5 Qg5 42. Kg2 Rb2 43. Kg1 Bg6 44. Nf4 Rc2 45. Nh3 Qxh6 46. Nf4 Bh7 47. Qg2 Rg5 48. Re3 Qg7 49. Kh2 Nc3 50. Rh1 Kg8 51. Kg1 Ne4 52. Rh3 Rc1+ 53. Kh2 Bg6 54. Bf3 Rc3 55. Rxc3 Nxc3 56. Qc2 Ne4 1-0

[Event "Wch Blitz 8th"]
[Site "Dubai"]
[Date "2014.06.19"]
[Round "4"]
[White "Dubov, Daniil"]
[Black "Naiditsch, Arkadij"]
[Result "1-0"]
[WhiteElo "2614"]
[BlackElo "2705"]
[PlyCount "91"]
[EventDate "2014.06.19"]
[EventType "swiss (blitz)"]
[EventRounds "21"]
[EventCountry "UAE"]
[SourceTitle "CBM 160 Extra"]
[Source "ChessBase"]
[SourceDate "2014.07.01"]
[SourceVersion "1"]
[SourceVersionDate "2014.07.01"]
[SourceQuality "1"]

1. Nf3 Nf6 2. g3 d5 3. Bg2 Bf5 4. O-O e6 5. d3 Be7 6. Nh4 Bg4 7. h3 Bh5 8. f4 ({RR} 8. Qe1 Nfd7 9. Nf3 Nc6 10. e4 Bxf3 11. Bxf3 Nd4 12. Bd1 O-O 13. c3 Nc6 14. d4 dxe4 15. Qxe4 e5 16. dxe5 Ndxe5 17. Be3 Kh8 18. f4 f5 19. Qc2 Nc4 20. Bf2 Qd5 21. b3 Nd6 22. Nd2 Ne4 {Sooraj,M (2154)-Asensio Ramos,E (2227) chess.com INT 2025 1-0 (48)}) ({RR} 8. g4 Nfd7 9. Nf5 exf5 10. gxh5 c6 11. Nd2 Nf6 12. e4 dxe4 13. dxe4 Nbd7 14. exf5 h6 15. Nc4 O-O 16. Re1 Bc5 17. Be3 Re8 18. Bxc5 Rxe1+ 19. Qxe1 Nxc5 20. Rd1 Qf8 21. Rd4 Re8 22. Qd1 Qe7 {Appel,R (2512)-Naiditsch,A (2557) Essen 2002 ½-½}) 8... Nfd7 9. Nf3 Bg6 10. Qe1 ({RR} 10. Nbd2 O-O 11. e4 dxe4 12. dxe4 Nc5 13. Qe2 Nc6 14. g4 f5 15. gxf5 exf5 16. e5 Kh8 17. Kh2 Bh5 18. Qc4 Bf7 19. Qe2 Bd5 20. Nb3 Nxb3 21. axb3 Qe8 22. Be3 a6 23. Rad1 Be4 24. Nd4 Nxd4 {Yu Yangyi (2729)-Tristan,L (2544) chess.com INT 2023 1-0 (43)}) 10... f5 $146 ({RR} 10... c6 11. e4 O-O 12. Nc3 Na6 13. a3 f5 14. b4 Bf6 15. e5 Be7 16. Rb1 Nc7 17. Be3 a5 18. Nd4 axb4 19. axb4 Bh5 20. Qd2 Qe8 21. Kh1 Qg6 22. Nce2 Nb5 23. c4 Nxd4 24. Nxd4 Kh8 25. Kh2 {Berczes,D (2425)-Zverev,L (2343) Budapest HUN 2024 ½-½ (49)}) ({RR} 10... c6 11. e4 O-O 12. Nc3 Na6 13. a3 f5 14. b4 Bf6 15. e5 Be7 16. Rb1 Nc7 17. Be3 a5 18. Nd4 axb4 19. axb4 Bh5 20. Qd2 Qe8 21. Kh1 Qg6 22. Nce2 Nb5 23. c4 Nxd4 24. Nxd4 Kh8 25. Kh2 {Berczes,D (2425)-Zverev,L (2343) Budapest HUN 2024 ½-½ (49)}) 11. Nc3 c5 12. e4 fxe4 13. dxe4 d4 14. f5 Bf7 15. fxe6 Bxe6 16. Nd5 O-O 17. Bf4 Nc6 18. Nc7 Bc4 19. Nxa8 Bxf1 20. Bxf1 Qxa8 21. e5 Nb6 22. Qe4 Qd8 23. c4 Qe8 24. Kg2 Qg6 25. Qxg6 hxg6 26. h4 Nb4 27. a3 Nc2 28. Rc1 Ne3+ 29. Bxe3 dxe3 30. Re1 Na4 31. b3 Nb6 32. Rxe3 a5 33. a4 Rd8 34. Bd3 Na8 35. Bxg6 Nc7 36. Rd3 Kf8 37. Rxd8+ Bxd8 38. Be4 b6 39. Bd5 Na6 40. Kf2 Nb4 41. Ke3 Bc7 42. Ke4 Nc2 43. Ng5 Bb8 44. Ne6+ Ke7 45. Nxg7 Nd4 46. Nf5+ 1-0